| 000 | 00708cab a22001935a 4500 | ||
|---|---|---|---|
| 001 | L141969 | ||
| 008 | 080117s2007 xxkad f s 000 0 eng d | ||
| 035 | _a(Sirsi) u141969 | ||
| 041 | 0 | _aeng | |
| 100 | 1 | _aDaley, Mark | |
| 245 | 0 | 0 |
_aProperty derivatives _bthe end of the beginning |
| 260 | _c2007 | ||
| 490 | 0 |
_aProperty Forecast _v10(11) November 2007, 6-7(2) |
|
| 520 | _aConsiders the property derivatives market. Looks at the effect on the market of the 2007 International Swaps and Derivatives Association property index derivatives definitions. (See also L141967). | ||
| 590 | _aKA | ||
| 651 | 4 | _aInternational | |
| 690 | _aPROPERTY-COMMERCIAL PROPERTY-COMMERCIAL PROPERTY MARKET | ||
| 942 | _n0 | ||
| 999 |
_c79678 _d79678 |
||